000
00380nam a2200169Ia 4500
008
240830s1999 xx 000 0 und d
041
_a
eng
082
_a
617 ADA
100
_a
ADAMS J.C.
245
_a
OUTLINE OF FRACTURES
250
_a
11
260
_a
EDINBURGH
_b
N.D.
_c
1999
300
_a
324p
650
_a
SHALYA-TANTRA
906
_a
FRACTURES
999
_c
1186151
_d
1186151